000 00381nam a22001577a 4500
003 OSt
005 20231223060131.0
008 211202b xxu||||| |||| 00| 0 eng d
020 _a9788120822580
040 _cIIMT UNIVERSITY MEERUT
100 _aMAJUMDAR,R.C
245 _aPRAACHEEN BHAARAT
260 _aDELHI
_bMOTOLAL BANSARIDASS
_c2019
300 _a480
942 _2ddc
_c02
_e8
999 _c51156
_d51156